Deutsche Youtuber an beliebtesten Videos erkennen #1 - Statistiken

Allgemein
  • Dieses Quiz wurde 321 mal gespielt
  • Das Durchschnittsergebnis liegt bei 4 aus 10
Antwortstatistiken
Video Youtuber % Korrekt
Mach die Robbe feat. die Robbe (Offizielles Musikvideo) Julien Bam
91%
Wie ich ausversehen r/Place übernommen habe! Papaplatte
62%
25.000 BÄLLE in PALUTENS UFO Zimmer! Sturmwaffel
52%
😱🏆Der beste Fortnite Spieler der Welt!! | Fortnite Solo WM! Trymacs
48%
NAME spielt Piano #01 GermanLetsPlay
45%
ICH BIN EIN MÖRDER! Paluten
35%
DAS IST NICHT DEIN ERNST!? (Fidget Spinner Sammlung) ungespielt
29%
NAME - ICH TRAU MICH NICHT ApeCrime
28%
Zukunft , Geld , Zusammenbruch & Rassismus Vorwürfe | NAME im Interview Montanablack
13%
Ich rette einer MAUS das LEBEN! 🐭 (Pimp my Mäusekäfig) CrispyRob
12%
Keine übereinstimmenden Quizze gefunden
Verteilung der Resultate
Anzahl Personen mit jedem Resultat
Perzentil nach korrekt beantworteten Fragen
Ihre Resultats-Entwicklung
Sie haben dieses Quiz noch nicht gespielt